Sárga zászlóval
Elmentve itt :
| Szerző: | |
|---|---|
| Dokumentumtípus: | Cikk |
| Megjelent: |
1982-04-28
|
| Sorozat: | Délmagyarország
72 No. 98 |
| Kulcsszavak: | pályaudvar |
| Online Access: | http://dmarchiv.bibl.u-szeged.hu/110426 |
| LEADER | 00437nab a2200157 i 4500 | ||
|---|---|---|---|
| 001 | delm110426 | ||
| 005 | 20190624133945.0 | ||
| 008 | 190624s1982 hu o 0|| hun d | ||
| 040 | |a SZTE Délmagyarország Archívum |b hun | ||
| 041 | |a hun | ||
| 100 | 1 | |a Horváth Dezső | |
| 245 | 1 | 0 | |a Sárga zászlóval |h [elektronikus dokumentum] / |c Horváth Dezső |
| 260 | |c 1982-04-28 | ||
| 300 | |a 3 | ||
| 490 | 0 | |a Délmagyarország |v 72 No. 98 | |
| 695 | |a pályaudvar | ||